| 000 | 01227nam a22003497a 4500 | ||
|---|---|---|---|
| 003 | CHAP | ||
| 005 | 20220329134643.0 | ||
| 008 | 971013s1975 r 00010 d | ||
| 010 | _a23674 | ||
| 011 | _a24646 | ||
| 035 | _a28745 | ||
| 040 | _cCHAP | ||
| 082 |
_a636.085 _bC48 1975 |
||
| 100 | 0 | 0 |
_aChurch, D.C. _922991 |
| 245 | _aDigestive physiology and nutrition of ruminants | ||
| 250 | _a2 ed. | ||
| 260 |
_aCorvallis, Ore. : _bB. Books, _c1975 |
||
| 300 |
_a3 v. _b: ilus |
||
| 505 | _aContenido: v.1 Digestive physiology.- v.2 Nutrition.- v.3 Practical nutrition | ||
| 590 |
_aBATCH-UPD _b10 _c20130110 _lUCH01 _h2146 |
||
| 590 |
_aBATCH-UPD _b10 _c20130410 _lUCH01 _h1454 |
||
| 590 |
_aBATCH-UPD _b10 _c20130914 _lUCH01 _h0930 |
||
| 590 |
_aCONVERSION _b10 _c20130109 _lUCH01 _h1314 |
||
| 650 | 1 | 4 |
_aDigestión. _932567 |
| 650 | 1 | 4 |
_aRumiantes _xAnatomía y fisiología. _9100843 |
| 650 | 1 | 4 |
_aRumiantes _xNutrición. _9100847 |
| 901 | _aBK | ||
| 942 | _cLIBRO | ||
| 949 |
_a636.085 C48 1975 _bBC _cLIBRO _d33724000255774 _eLIBRO _fv.1 _h39531 _i28745 _si |
||
| 949 |
_a636.085 C48 1975 _bBC _cLIBRO _d33724000255782 _eLIBRO _fv.3 _i28745 _si |
||
| 949 |
_a636.085 C48 1975 _bBC _cLIBRO _d33724000255857 _eLIBRO _fv.2 _h46716 _i28745 _si |
||
| 999 |
_c23674 _d23674 |
||